NFL Players' Former College Football Teams - Statistics

General Stats
  • This quiz has been taken 2,007 times
  • The average score is 34 of 58
Answer Stats
Player College % Correct
Julio Jones Alabama
94%
Aaron Rodgers California
91%
Earl Thomas Texas
91%
Tom Brady Michigan
90%
Cam Newton Auburn
89%
Joe Haden Florida
84%
Greg Olsen Miami (FL)
84%
Eli Manning Ole Miss
82%
Mike Evans Texas A&M
82%
Vic Beasley Jr. Clemson
79%
DeAndre Hopkins Clemson
79%
Jalen Ramsey Florida State
78%
Patrick Peterson LSU
77%
Dak Prescott Mississippi State
77%
Demarco Murray Oklahoma
77%
Drew Brees Purdue
77%
Le'Veon Bell Michigan State
73%
Melvin Gordon Wisconsin
73%
Joe Thomas Wisconsin
73%
Clay Matthews USC
72%
Stefon Diggs Maryland
71%
Michael Crabtree Texas Tech
69%
Derek Carr Fresno State
67%
Ben Roethlisberger Miami (OH)
66%
Malcolm Jenkins Ohio State
66%
Andy Dalton TCU
66%
LeGarrette Blount Oregon
65%
Tavon Austin West Virginia
64%
Ndamukong Suh Nebraska
63%
Dez Bryant Oklahoma State
63%
Richard Sherman Stanford
63%
Luke Kuechly Boston College
62%
Anthony Barr UCLA
61%
Tyrod Taylor Virginia Tech
56%
Khalil Mack Buffalo
55%
Antonio Brown Central Michigan
54%
Eric Berry Tennessee
54%
Aqib Talib Kansas
52%
Alshon Jeffery South Carolina
52%
Marcus Peters Washington
52%
NaVorro Bowman Penn State
48%
LeSean McCoy Pittsburgh
48%
Robert Quinn North Carolina
47%
Tyler Eifert Notre Dame
46%
Marshal Yanda Iowa
41%
Jeremy Maclin Missouri
41%
Jordy Nelson Kansas State
39%
Jay Ajayi Boise State
38%
Eric Decker Minnesota
35%
Ezekiel Ansah BYU
34%
Brandon Marshall UCF
31%
Bobby Wagner Utah State
29%
Matt Forte Tulane
25%
Emmanuel Sanders SMU
23%
T.Y. Hilton Florida International
22%
Josh Norman Coastal Carolina
16%
David Johnson Northern Iowa
14%
Muhammad Wilkerson Temple
14%
No matching quizzes found
Score Distribution
Percent of People with Each Score
Percentile by Number Answered
Your Score History
You have not taken this quiz